<?xml version="1.0" encoding="UTF-8"?>
<record
    xmlns:xsi="http://www.w3.org/2001/XMLSchema-instance"
    xsi:schemaLocation="http://www.loc.gov/MARC21/slim http://www.loc.gov/standards/marcxml/schema/MARC21slim.xsd"
    xmlns="http://www.loc.gov/MARC21/slim">

  <leader>00399nam a22001097a 4500</leader>
  <datafield tag="999" ind1=" " ind2=" ">
    <subfield code="c">6572</subfield>
    <subfield code="d">6572</subfield>
  </datafield>
  <controlfield tag="008">200208b           ||||| |||| 00| 0 eng d</controlfield>
  <datafield tag="020" ind1=" " ind2=" ">
    <subfield code="a">9781853396489</subfield>
  </datafield>
  <datafield tag="082" ind1=" " ind2=" ">
    <subfield code="a">320. 6 MAK</subfield>
  </datafield>
  <datafield tag="100" ind1=" " ind2=" ">
    <subfield code="a">HAGUE, CLIFF.</subfield>
    <subfield code="c">HAGUE, CLIFF., WAKELY, PATRICK., CRESPIN, JULIE., AND JASKO, CHRIS.</subfield>
  </datafield>
  <datafield tag="245" ind1=" " ind2=" ">
    <subfield code="a">MAKING PLANNING WORK:</subfield>
    <subfield code="b">A GUIDE TO APPROACHES A SKILLS</subfield>
  </datafield>
  <datafield tag="260" ind1=" " ind2=" ">
    <subfield code="a"> WARWICKSHIRE,</subfield>
    <subfield code="b">PRACTICAL ACTION PUBLISHING</subfield>
    <subfield code="c">2006.</subfield>
  </datafield>
  <datafield tag="952" ind1=" " ind2=" ">
    <subfield code="0">0</subfield>
    <subfield code="1">0</subfield>
    <subfield code="2">ddc</subfield>
    <subfield code="4">0</subfield>
    <subfield code="6">320_000000000000000__6_MAK</subfield>
    <subfield code="7">0</subfield>
    <subfield code="9">19146</subfield>
    <subfield code="a">1000</subfield>
    <subfield code="b">1000</subfield>
    <subfield code="d">2020-02-08</subfield>
    <subfield code="l">0</subfield>
    <subfield code="o">320. 6 MAK</subfield>
    <subfield code="p">0000000017244</subfield>
    <subfield code="r">2020-02-08</subfield>
    <subfield code="w">2020-02-08</subfield>
    <subfield code="y">BOOKS</subfield>
  </datafield>
</record>
